American strategy in the atomic age.

Bibliographic Details
Main Author: Reinhardt, George C. (George Cooper), 1902-
Format: Book
Language:English
Published: Norman : University of Oklahoma Press, [1955]
Edition:[1st ed.].
Subjects:

MARC

Tag First Indicator Second Indicator Subfields
LEADER 00000cam a2200000 4500
001 in00000065123
005 20151008051223.0
008 750519s1955 oku 00000 eng u
010 |a  55006363  
035 |a (OCoLC)01343243 
035 |9 AAG6542AM 
040 |c TOL  |d TXA  |d UtOrBLW 
049 |a TXAM  |c [263547] 
050 0 0 |a UA23  |b .R44 
082 0 |a 355 
092 |a 355  |b R369a 
100 1 |a Reinhardt, George C.  |q (George Cooper),  |d 1902- 
245 1 0 |a American strategy in the atomic age. 
250 |a [1st ed.]. 
264 1 |a Norman :  |b University of Oklahoma Press,  |c [1955] 
264 4 |c [©1955] 
300 |a 236 pages ;  |c 22 cm. 
336 |a text  |b txt  |2 rdacontent 
337 |a unmediated  |b n  |2 rdamedia 
338 |a volume  |b nc  |2 rdacarrier 
650 0 |a World politics. 
651 0 |a United States  |x Military policy. 
651 0 |a United States  |x Foreign relations. 
999 |a MARS 
999 f f |s 71067f2c-d9c9-306a-aa2c-657896c058ac  |i fdf5b423-8585-3341-a8a2-f151fb14f8a6  |t 0 
952 f f |p ric  |a Texas A&M University  |b Rellis Campus  |c Joint Library Facility  |d Remote Storage  |t 0  |e UA23 .R44  |h Library of Congress classification  |i unmediated -- volume  |m A14800802302 
998 f f |a UA23 .R44  |t 0  |l Remote Storage